• 首页
  • 本馆介绍
  • 公告通知
  • 最新文献
  • 馆藏检索
  • 电子资源
  • 读者导购
  • 参考咨询
  • 我的图书馆
  • 登录
  • 详细信息显示
  • 放入我的书架
  • 预约/预借图书
  • 作者相关作品
  • 分类相关作品
  • 丛书相关作品
  • 出版社相关作品

书目信息

  • 表格格式
  • 工作单格式
  • 卡片格式
题名:
微分方程
    
 
作者: 艾利斯哥尔兹 著 ;南开大学数学系 译
分册:  
出版信息: 北京   高等教育出版社  1959
页数: 292页
开本: 21cm
丛书名:
单 册:
中图分类: O175.5
科图分类:
主题词: 数学分析 , 微分方程
电子资源:
ISBN:
000 00756nam0 2200253 45
001 0181005284
005 20060726081542.98
010    @dCNY1.10
091    @a13012.0116
100    @a19950622d1959 em y0chiy0121 ea
101 1  @achi@ceng
102    @aCN@b110000
105    @ay z 000yy
200 10 @a微分方程@Awei fen fang cheng@f(苏)Л·Э·艾利斯哥尔兹著@F(su)Л·Э·ai li si ge er zi zhu@g南开大学数学系译
210    @a北京@c高等教育出版社@d1959
215    @a292页@d21cm
606 0  @a数学分析
606    @a微分方程
690    @aO175.5@v4
701  0 @a艾利斯哥尔兹@Aai li si ge er zi@4著
712 02 @a南开大学数学系@ANan Kai Da Xue Shu Xue Xi@4译
801  0 @aCN@b上海图书馆@c20060726
801  2 @aCN@bNLC@c20060726
905    @dO175.5@e2≈2
    
    微分方程/(苏)Л·Э·艾利斯哥尔兹著/南开大学数学系译.-北京:高等教育出版社,1959
    292页;21cm
    
    
    ISBN :CNY1.10
    
●
相关链接 在E读中查询图书 在五车中查询图书 在当当中查询图书 在豆瓣中查询图书


正题名:微分方程     索取号:O175.5/2≈2         预约/预借

序号 登录号 条形码 馆藏地/架位号 状态 备注
1 0431735   204317355   密集书库/ [索取号:O175.5/2≈2] 在馆    
唐山师范学院图书馆 欢迎您!
大连网信软件有限公司© 版权所有